[Event "Junior Online 4NCL Division 4"]
[Site "online"]
[Date "2020.05.07"]
[Round "4.52"]
[White "Sagar, Aneesh"]
[Black "Babu, Rohan"]
[Result "1-0"]
[WhiteElo "1607"]
[BlackElo "1255"]
[PlyCount "135"]
[EventDate "2020.05.07"]
[WhiteTeam "KJCA Young Kestrels D"]
[BlackTeam "Robin Hoods 3"]

1. e4 c5 2. Nf3 Nc6 3. Bc4 Nf6 4. e5 Ng4 5. Bxf7+ Kxf7 6. Ng5+ Ke8 7. Qxg4 Nxe5
8. Qf5 d6 9. Qe4 Qb6 10. Nc3 g6 11. Nf3 Bf5 12. Qa4+ Bd7 13. Qf4 Nxf3+ 14. Qxf3
Bc6 15. Qg3 Bg7 16. O-O Be5 17. f4 Bd4+ 18. Kh1 Rf8 19. d3 Be5 20. Ne2 Bxb2 21.
Bxb2 Qxb2 22. Rfc1 a5 23. Qe3 Qf6 24. c3 g5 25. fxg5 Qf5 26. Ng3 Qh3 27. Qe2
Rf4 28. Re1 e5 29. Kg1 Qe6 30. Qh5+ Rf7 31. Rf1 Qd5 32. Qxf7+ Qxf7 33. Rxf7
Kxf7 34. Rf1+ Kg6 35. h4 Ra6 36. Nf5 Bd7 37. g4 Rb6 38. d4 cxd4 39. cxd4 exd4
40. Nxd4 Rb4 41. Rf4 Rb1+ 42. Kg2 Rb2+ 43. Kg3 Rxa2 44. Rf6+ Kg7 45. Rxd6 Ra3+
46. Kf4 Ba4 47. Rb6 Rd3 48. Rxb7+ Kf8 49. Nf5 Bc6 50. Rxh7 Rf3+ 51. Ke5 Bd7 52.
Rxd7 Rf1 53. Kf6 Ke8 54. Ra7 Kd8 55. Rxa5 Kc7 56. Ra3 Kc6 57. Rh3 Kd5 58. h5
Ke4 59. Rh4 Ra1 60. g6 Ra6+ 61. Kg5 Ra8 62. h6 Rg8 63. h7 Rh8 64. g7 Re8 65.
h8=Q Rxh8 66. gxh8=Q Kf3 67. Rh3+ Ke2 68. Qb2+ 1-0

[Event "Junior Online 4NCL Division 4"]
[Site "online"]
[Date "2020.05.07"]
[Round "4.53"]
[White "Krasnov, Maksim"]
[Black "Sanka, Amit Aryan"]
[Result "0-1"]
[WhiteElo "1247"]
[BlackElo "1562"]
[PlyCount "152"]
[EventDate "2020.05.07"]
[WhiteTeam "Robin Hoods 3"]
[BlackTeam "KJCA Young Kestrels D"]

1. e4 e6 2. d4 d5 3. e5 c5 4. c3 Nc6 5. Nf3 Nge7 6. Be3 Nf5 7. Bd3 Nxe3 8. fxe3
Be7 9. O-O O-O 10. Nbd2 b6 11. c4 Bb7 12. Nb3 Ba6 13. dxc5 bxc5 14. cxd5 Bxd3
15. Qxd3 Qxd5 16. Qxd5 exd5 17. Rad1 Rfd8 18. Rd2 f6 19. exf6 Bxf6 20. Nxc5 Re8
21. Rxd5 Rxe3 22. Rfd1 Bxb2 23. Ng5 h6 24. Nge6 Bf6 25. Nd4 Nxd4 26. R1xd4 Bxd4
27. Rxd4 Rc8 28. Kf2 Re5 29. Nd7 Rd8 30. Nf6+ gxf6 31. Rxd8+ Kg7 32. Rd7+ Kg6
33. Rxa7 Rf5+ 34. Kg3 Rg5+ 35. Kf4 Rf5+ 36. Ke4 Re5+ 37. Kd4 Re2 38. g4 Rxh2
39. a4 Rh4 40. a5 Rxg4+ 41. Kd5 h5 42. a6 h4 43. Rb7 h3 44. a7 h2 45. a8=Q
h1=Q+ 46. Kc5 Rg5+ 47. Kb6 Qb1+ 48. Kc7 Qc2+ 49. Kb8 Qh2+ 50. Rc7 Qh8+ 51. Kb7
Qh1+ 52. Kb8 Rb5+ 53. Rb7 Qh2+ 54. Ka7 Ra5+ 55. Kb6 Rxa8 56. Kb5 Qe5+ 57. Kb6
Rb8 58. Ka7 Rxb7+ 59. Kxb7 Kf7 60. Ka8 Ke7 61. Ka7 Kd7 62. Kb6 Qd6+ 63. Kb5 Kc7
64. Kc4 Kc6 65. Kc3 Qd5 66. Kb4 Qc5+ 67. Kb3 Kb5 68. Ka2 Qc4+ 69. Ka3 Qc3+ 70.
Ka2 Kb4 71. Kb1 f5 72. Ka2 f4 73. Kb1 f3 74. Ka2 f2 75. Kb1 f1=Q+ 76. Ka2 Qfa1#
0-1

[Event "Junior Online 4NCL Division 4"]
[Site "online"]
[Date "2020.05.07"]
[Round "4.54"]
[White "Heard, Tom"]
[Black "Pannu, Aaron"]
[Result "1-0"]
[WhiteElo "1517"]
[BlackElo "1240"]
[PlyCount "81"]
[EventDate "2020.05.07"]
[WhiteTeam "KJCA Young Kestrels D"]
[BlackTeam "Robin Hoods 3"]

1. e4 e5 2. Nf3 Nc6 3. Bc4 Nf6 4. d3 Bc5 5. c3 d6 6. h3 O-O 7. a4 Be6 8. Bxe6
fxe6 9. b4 Bb6 10. a5 Bxf2+ 11. Kxf2 Nh5 12. Rf1 Qh4+ 13. Kg1 Qg3 14. Ra2 Nf4
15. Bxf4 exf4 16. d4 Rf6 17. Raf2 Rg6 18. Kh1 Rh6 19. Ne1 Rf8 20. Rf3 Qg6 21.
Rxf4 Rxf4 22. Rxf4 e5 23. Rg4 Qf6 24. d5 Qf1+ 25. Kh2 Ne7 26. Qd2 Ng6 27. Na3
Nf4 28. Nf3 Rxh3+ 29. gxh3 Qxh3+ 30. Kg1 Qxf3 31. Rxf4 exf4 32. Nb5 Qg3+ 33.
Qg2 Qe1+ 34. Kh2 Qe3 35. Nxc7 f3 36. Qg3 Qe2+ 37. Kh3 f2 38. Ne6 f1=Q+ 39. Kh4
Qf6+ 40. Kh3 Qh5+ 41. Kg2 1-0

[Event "Junior Online 4NCL Division 4"]
[Site "online"]
[Date "2020.05.07"]
[Round "4.55"]
[White "Wang, Yong Gui"]
[Black "Humphreys, Benjamin"]
[Result "1-0"]
[WhiteElo "1600"]
[BlackElo "1255"]
[PlyCount "65"]
[EventDate "2020.05.07"]
[WhiteTeam "KJCA Young Kestrels D"]
[BlackTeam "Robin Hoods 3"]

1. e4 c6 2. d4 d5 3. exd5 cxd5 4. c4 dxc4 5. Bxc4 Nc6 6. Nf3 Bg4 7. Be3 Bxf3 8.
Qxf3 Nf6 9. O-O e6 10. Nc3 Bd6 11. d5 exd5 12. Nxd5 Ne5 13. Nxf6+ gxf6 14. Qd5
Nxc4 15. Qxc4 Rc8 16. Qa4+ Kf8 17. Qxa7 Qc7 18. Rac1 Bxh2+ 19. Kh1 Ke7 20.
Rxc7+ Bxc7 21. Qxb7 Rhd8 22. Qb4+ Bd6 23. Qb3 Rb8 24. Qc3 Be5 25. Qc5+ Bd6 26.
Qa7+ Rd7 27. Qa4 Rb4 28. Qa6 Rxb2 29. Re1 Bb4 30. Bc5+ Kd8 31. Qb6+ Kc8 32.
Re8+ Rd8 33. Rxd8# 1-0

[Event "Junior Online 4NCL Division 4"]
[Site "online"]
[Date "2020.05.07"]
[Round "4.56"]
[White "Babu, Rohan"]
[Black "Sagar, Aneesh"]
[Result "0-1"]
[WhiteElo "1255"]
[BlackElo "1607"]
[PlyCount "70"]
[EventDate "2020.05.07"]
[WhiteTeam "Robin Hoods 3"]
[BlackTeam "KJCA Young Kestrels D"]

1. e4 e5 2. Nf3 Nc6 3. Bc4 Bc5 4. Nc3 Nf6 5. d3 O-O 6. Bg5 Nd4 7. Nd5 Nxf3+ 8.
Qxf3 Be7 9. Nxe7+ Qxe7 10. O-O d6 11. h3 Be6 12. Bxe6 fxe6 13. c4 Qd7 14. b4
Nd5 15. Qg3 Nxb4 16. a3 Nc6 17. Rab1 b6 18. h4 Nd4 19. Rfe1 Nc2 20. Re2 Nd4 21.
Rd2 Rf7 22. h5 Raf8 23. h6 c5 24. a4 Qxa4 25. Bf6 Qd7 26. Re1 Rxf6 27. Re3 Rxh6
28. Qg5 Rg6 29. Qh5 Rff6 30. Rh3 Rh6 31. Qg4 Rxh3 32. Qxh3 Qf7 33. Ra2 Rg6 34.
Kf1 Rh6 35. Qe3 Rh1# 0-1

[Event "Junior Online 4NCL Division 4"]
[Site "online"]
[Date "2020.05.07"]
[Round "4.57"]
[White "Sanka, Amit Aryan"]
[Black "Krasnov, Maksim"]
[Result "1-0"]
[WhiteElo "1562"]
[BlackElo "1247"]
[PlyCount "61"]
[EventDate "2020.05.07"]
[WhiteTeam "KJCA Young Kestrels D"]
[BlackTeam "Robin Hoods 3"]

1. Nf3 Nc6 2. e3 e5 3. c4 Nf6 4. Nc3 Bd6 5. Be2 b6 6. O-O Bb7 7. d4 exd4 8.
exd4 Qe7 9. Re1 O-O 10. Bd3 Qd8 11. d5 Nb4 12. Bf1 c5 13. a3 Na6 14. Be3 Ng4
15. Nb5 Nxe3 16. Rxe3 Bf4 17. Re4 Qf6 18. Qd3 Rae8 19. Rxe8 Rxe8 20. g3 Be5 21.
Nxe5 Rxe5 22. Bg2 Nc7 23. Nxc7 a6 24. Rd1 Qd8 25. d6 Bxg2 26. Kxg2 Qg5 27. f4
Re2+ 28. Qxe2 Qd8 29. Re1 b5 30. Qe8+ Qxe8 31. Rxe8# 1-0

[Event "Junior Online 4NCL Division 4"]
[Site "online"]
[Date "2020.05.07"]
[Round "4.58"]
[White "Pannu, Aaron"]
[Black "Heard, Tom"]
[Result "0-1"]
[WhiteElo "1240"]
[BlackElo "1517"]
[PlyCount "82"]
[EventDate "2020.05.07"]
[WhiteTeam "Robin Hoods 3"]
[BlackTeam "KJCA Young Kestrels D"]

1. e4 e5 2. Nf3 Nc6 3. d4 exd4 4. c3 dxc3 5. Nxc3 Bb4 6. Bc4 Nge7 7. Qb3 O-O 8.
Bg5 h6 9. Bh4 Bxc3+ 10. Qxc3 Qe8 11. O-O Ng6 12. Bg3 Qxe4 13. Rfe1 Qf5 14. Rad1
d6 15. Bd5 Bd7 16. Bxc6 Bxc6 17. Nd4 Qd7 18. Nxc6 Qxc6 19. Qd4 b6 20. Rb1 Rfe8
21. Rbc1 Rxe1+ 22. Rxe1 Re8 23. Rxe8+ Qxe8 24. h3 Qe1+ 25. Kh2 Qa1 26. Qa4 Qxb2
27. Qxa7 Qc2 28. Qb8+ Kh7 29. Qe8 Qxa2 30. Qxf7 Qxf7 31. Kh1 b5 32. h4 b4 33.
Kh2 b3 34. h5 Ne5 35. Bxe5 dxe5 36. g3 Qxh5+ 37. Kg2 e4 38. Kg1 b2 39. Kg2 b1=Q
40. g4 Qbh1+ 41. Kg3 Q5h2# 0-1

[Event "Junior Online 4NCL Division 4"]
[Site "online"]
[Date "2020.05.07"]
[Round "4.61"]
[White "Gauri, Dhairye"]
[Black "Kothari, Jai"]
[Result "0-1"]
[WhiteElo "1435"]
[BlackElo "1547"]
[PlyCount "64"]
[EventDate "2020.05.07"]
[WhiteTeam "Uxbridge Juniors A"]
[BlackTeam "Woking Warriors"]

1. e4 e6 2. d4 d5 3. exd5 exd5 4. Nc3 Nf6 5. Bg5 c6 6. Nf3 Bb4 7. Bd3 O-O 8.
O-O h6 9. Bh4 Bg4 10. Ne2 Bxf3 11. gxf3 Nbd7 12. Bf5 Qc7 13. Bg3 Bd6 14. Bxd7
Qxd7 15. f4 Ne4 16. f3 Nxg3 17. Nxg3 Bxf4 18. Ne2 Bd6 19. f4 Rae8 20. Rf2 Re3
21. Rg2 Rfe8 22. Kf2 Qh3 23. Kf1 Qf3+ 24. Rf2 Qh1+ 25. Ng1 Qe4 26. Nf3 Bxf4 27.
Kg2 Qg6+ 28. Kf1 Qh5 29. Kg2 Qg4+ 30. Kf1 Qh5 31. Rg2 Rxf3+ 32. Kg1 Qh3 0-1

[Event "Junior Online 4NCL Division 4"]
[Site "online"]
[Date "2020.05.07"]
[Round "4.62"]
[White "Phillips, Freddie"]
[Black "Bhat, Advay"]
[Result "0-1"]
[WhiteElo "1390"]
[BlackElo "1360"]
[PlyCount "192"]
[EventDate "2020.05.07"]
[WhiteTeam "Woking Warriors"]
[BlackTeam "Uxbridge Juniors A"]

1. e4 e5 2. Nf3 Nc6 3. Nc3 Nf6 4. Bb5 Bb4 5. Bxc6 dxc6 6. Nxe5 Qd4 7. Nf3 Qd8
8. d3 Bg4 9. Bg5 Bxf3 10. Qxf3 Qd4 11. Bxf6 Qxf6 12. Qxf6 gxf6 13. O-O Bxc3 14.
bxc3 O-O-O 15. d4 Rhe8 16. Rfe1 Rd7 17. a4 Rde7 18. f3 f5 19. Kf2 fxe4 20. fxe4
Rxe4 21. Rxe4 Rxe4 22. Re1 Rxe1 23. Kxe1 Kd7 24. Kf2 Kd6 25. Ke3 Kd5 26. Kf4
Kc4 27. Kf5 Kxc3 28. Kf6 Kb4 29. Kxf7 Kxa4 30. Kg7 Kb4 31. Kxh7 a5 32. g4 a4
33. g5 a3 34. g6 a2 35. g7 a1=Q 36. g8=Q Qxd4 37. Qf8+ Kb5 38. Qa3 Qe4+ 39. Kg7
Qe5+ 40. Kf8 Qxh2 41. Qb3+ Ka6 42. Qa4+ Kb6 43. Qb4+ Ka7 44. Qc5+ Kb8 45. Kf7
Qf4+ 46. Kg6 Qg4+ 47. Kf7 Qf4+ 48. Ke6 Qh6+ 49. Kf7 Qh7+ 50. Kf6 Qh8+ 51. Kf5
Qc8+ 52. Kf6 Qh8+ 53. Kf7 Qh6 54. c3 b6 55. Qb4 c5 56. Qb5 Qf4+ 57. Kg6 Qg3+
58. Kf7 Qxc3 59. Qe8+ Kb7 60. Qe4+ Ka6 61. Qa4+ Qa5 62. Qc4+ Qb5 63. Qa2+ Qa5
64. Qc4+ Qb5 65. Qa2+ Kb7 66. Qg2+ Qc6 67. Qd2 c4 68. Qd1 c3 69. Qc2 b5 70. Qb1
c2 71. Qc1 b4 72. Ke7 b3 73. Kf7 b2 74. Qxb2+ Kc8 75. Qc1 Qc3 76. Ke6 Qc4+ 77.
Ke5 Kd7 78. Qd2+ Kc6 79. Qc1 Kb5 80. Qb2+ Kc5 81. Qa3+ Qb4 82. Qe3+ Kb5 83.
Qe2+ Qc4 84. Qxc4+ Kxc4 85. Ke4 c1=Q 86. Ke5 Qe3+ 87. Kf6 Qe4 88. Kf7 Kb5 89.
Kf6 c5 90. Kf7 c4 91. Kg7 Qf5 92. Kh6 c3 93. Kg7 c2 94. Kh6 c1=Q+ 95. Kg7 Qc7+
96. Kg8 Qfc8# 0-1

[Event "Junior Online 4NCL Division 4"]
[Site "online"]
[Date "2020.05.07"]
[Round "4.63"]
[White "Das, Devorshi"]
[Black "Wicks, Alexander"]
[Result "0-1"]
[WhiteElo "1120"]
[BlackElo "1285"]
[PlyCount "98"]
[EventDate "2020.05.07"]
[WhiteTeam "Uxbridge Juniors A"]
[BlackTeam "Woking Warriors"]

1. e4 d5 2. exd5 Nf6 3. Nc3 Nxd5 4. Nxd5 Qxd5 5. Nf3 Bg4 6. Be2 Nc6 7. h3 Bh5
8. d3 Nd4 9. Nxd4 Bxe2 10. Nxe2 Qxg2 11. Kd2 g6 12. b3 Bh6+ 13. Kc3 Bg7+ 14.
Nd4 Qxf2 15. Qg1 Bxd4+ 16. Kc4 Qxg1 17. Rxg1 Bxg1 18. Kc3 e5 19. Ba3 Bd4+ 20.
Kd2 Bxa1 21. c3 O-O-O 22. Kc2 f5 23. Bb4 e4 24. Kb1 Bxc3 25. Bxc3 Rxd3 26. Bxh8
Rxh3 27. Kc2 b5 28. Be5 c5 29. Kd2 Kb7 30. Ke2 Kb6 31. Kf2 b4 32. Kg2 Rf3 33.
Bf6 Kb5 34. Be7 a5 35. Bf6 a4 36. bxa4+ Kxa4 37. Bb2 b3 38. axb3+ Kxb3 39. Bc1
c4 40. Bd2 c3 41. Be1 c2 42. Bd2 Rd3 43. Bc1 Rd1 44. Be3 c1=Q 45. Bxc1 Rxc1 46.
Kf2 Rc3 47. Ke2 Rf3 48. Kd2 h5 49. Ke2 h4 0-1

[Event "Junior Online 4NCL Division 4"]
[Site "online"]
[Date "2020.05.07"]
[Round "4.64"]
[White "Seet, Joshua"]
[Black "Jebananthan, Jeshan"]
[Result "1-0"]
[WhiteElo "1277"]
[BlackElo "1060"]
[PlyCount "89"]
[EventDate "2020.05.07"]
[WhiteTeam "Woking Warriors"]
[BlackTeam "Uxbridge Juniors A"]

1. d4 d5 2. c4 e6 3. Nc3 Nc6 4. Nf3 Bb4 5. Qc2 Nf6 6. Bg5 h6 7. Bh4 O-O 8. e3
b6 9. Bd3 Bxc3+ 10. Qxc3 Ba6 11. O-O Qd6 12. Bxf6 gxf6 13. cxd5 exd5 14. Bxa6
Nb4 15. Bb5 c6 16. Ba4 b5 17. Bb3 Rae8 18. a3 Na6 19. Qa5 c5 20. Bxd5 Nc7 21.
Be4 Rxe4 22. Qxa7 c4 23. Nd2 Rh4 24. h3 Ra8 25. Qb7 Re8 26. Nf3 Rhe4 27. Nd2
Rh4 28. a4 b4 29. Nxc4 Qe7 30. a5 f5 31. a6 Nxa6 32. Qxe7 Rxe7 33. Rxa6 b3 34.
Rb6 f4 35. Rxb3 f3 36. gxf3 Rxh3 37. Kg2 Rh5 38. Ne5 Re6 39. Rg1 f6 40. Kf1+
Kh7 41. Rb7+ Kh8 42. Nf7+ Kh7 43. Ng5+ Kg6 44. Nxe6+ Kf5 45. Ng7# 1-0

[Event "Junior Online 4NCL Division 4"]
[Site "online"]
[Date "2020.05.07"]
[Round "4.65"]
[White "Kothari, Jai"]
[Black "Gauri, Dhairye"]
[Result "1-0"]
[WhiteElo "1547"]
[BlackElo "1435"]
[PlyCount "63"]
[EventDate "2020.05.07"]
[WhiteTeam "Woking Warriors"]
[BlackTeam "Uxbridge Juniors A"]

1. c4 Nf6 2. Nf3 e6 3. Nc3 Bb4 4. g3 d5 5. cxd5 Nxd5 6. Nxd5 exd5 7. Bg2 Nd7 8.
O-O Nf6 9. Qa4+ Bd7 10. Qxb4 a5 11. Qa3 b5 12. Qc5 Be6 13. Qxb5+ Bd7 14. Qc5
Ra6 15. d3 Bc8 16. Bg5 Nd7 17. Qe3+ Re6 18. Qxe6+ fxe6 19. Bxd8 Kxd8 20. Nd4 e5
21. Nc6+ Ke8 22. Bxd5 Nf6 23. Bg2 Bb7 24. Nxe5 Bxg2 25. Kxg2 Ke7 26. Nc6+ Kd6
27. Nxa5 Ra8 28. Nc4+ Kc5 29. b3 Ra6 30. Rfc1 Nd5 31. e3 Rg6 32. Ne5+ 1-0

[Event "Junior Online 4NCL Division 4"]
[Site "online"]
[Date "2020.05.07"]
[Round "4.66"]
[White "Bhat, Advay"]
[Black "Phillips, Freddie"]
[Result "1-0"]
[WhiteElo "1360"]
[BlackElo "1390"]
[PlyCount "33"]
[EventDate "2020.05.07"]
[WhiteTeam "Uxbridge Juniors A"]
[BlackTeam "Woking Warriors"]

1. e4 e5 2. Nf3 Nc6 3. Bb5 d6 4. Nc3 Nf6 5. Bxc6+ bxc6 6. d4 exd4 7. Nxd4 c5 8.
Nf3 Ba6 9. Bg5 Be7 10. a3 Nxe4 11. Nxe4 Bxg5 12. Nfxg5 O-O 13. h4 Re8 14. Qf3
Qe7 15. O-O-O d5 16. Qf5 dxe4 17. Qxh7+ 1-0

[Event "Junior Online 4NCL Division 4"]
[Site "online"]
[Date "2020.05.07"]
[Round "4.67"]
[White "Wicks, Alexander"]
[Black "Das, Devorshi"]
[Result "1-0"]
[WhiteElo "1285"]
[BlackElo "1120"]
[PlyCount "135"]
[EventDate "2020.05.07"]
[WhiteTeam "Woking Warriors"]
[BlackTeam "Uxbridge Juniors A"]

1. e4 e5 2. Nf3 Nc6 3. Bb5 Be7 4. Bxc6 dxc6 5. O-O Nf6 6. Nxe5 Nxe4 7. Re1 Nf6
8. d3 O-O 9. Bg5 Re8 10. Qf3 h6 11. Bh4 Qd6 12. Nc3 Rf8 13. Ng4 Re8 14. Bxf6
Bxg4 15. Qxg4 Qxf6 16. Qe4 Kf8 17. Re3 Bd6 18. Qh7 Rxe3 19. Qh8+ Ke7 20. Qxa8
Re6 21. Ne4 Qe5 22. g3 Qxb2 23. Rf1 Qxc2 24. Nxd6 Kxd6 25. Qf8+ Re7 26. Qd8+
Rd7 27. Qf8+ Re7 28. Re1 Qxd3 29. Qxe7+ Kd5 30. Qd7+ Kc4 31. Qxd3+ Kxd3 32. Re7
b5 33. Rxc7 c5 34. Rxc5 b4 35. Rb5 Kc4 36. a4 bxa3 37. Ra5 Kb3 38. Kf1 a2 39.
Ke1 Kb2 40. Rxa7 a1=Q+ 41. Rxa1 Kxa1 42. Ke2 Kb2 43. Ke3 Kc3 44. h4 Kc4 45. f4
Kd5 46. Kf3 Ke6 47. Kg4 g6 48. h5 gxh5+ 49. Kxh5 Kf6 50. Kxh6 Kf5 51. Kg7 Kg4
52. Kxf7 Kxg3 53. f5 Kg4 54. f6 Kg5 55. Ke7 Kg6 56. f7 Kg7 57. f8=Q+ Kg6 58.
Qf7+ Kg5 59. Qf6+ Kh5 60. Qg7 Kh4 61. Qg6 Kh3 62. Qg5 Kh2 63. Qg4 Kh1 64. Ke6
Kh2 65. Kf5 Kh1 66. Kf4 Kh2 67. Kf3 Kh1 68. Qg2# 1-0

[Event "Junior Online 4NCL Division 4"]
[Site "online"]
[Date "2020.05.07"]
[Round "4.68"]
[White "Jebananthan, Jeshan"]
[Black "Seet, Joshua"]
[Result "1-0"]
[WhiteElo "1060"]
[BlackElo "1277"]
[PlyCount "37"]
[EventDate "2020.05.07"]
[WhiteTeam "Uxbridge Juniors A"]
[BlackTeam "Woking Warriors"]

1. e4 e6 2. Nc3 d5 3. e5 c5 4. Bb5+ Bd7 5. Bxd7+ Qxd7 6. Nf3 Ne7 7. d3 Nf5 8.
O-O Be7 9. b3 O-O 10. Ba3 d4 11. Ne2 Nc6 12. Nf4 Nh4 13. h3 Nxf3+ 14. Qxf3 Nxe5
15. Qe2 Qc6 16. Rae1 Ng6 17. Nh5 Nh4 18. Qg4 f5 19. Qxg7# 1-0

[Event "Junior Online 4NCL Division 4"]
[Site "online"]
[Date "2020.05.07"]
[Round "4.71"]
[White "Guha, Anuraag"]
[Black "Cooney, Thomas"]
[Result "0-1"]
[WhiteElo "1277"]
[BlackElo "1457"]
[PlyCount "66"]
[EventDate "2020.05.07"]
[WhiteTeam "Warwickshire Bears E"]
[BlackTeam "St Benildus 2"]

1. e4 e6 2. d4 d5 3. e5 c5 4. c3 Nc6 5. Bd2 Qb6 6. b3 cxd4 7. cxd4 Qxd4 8. Bc3
Qxd1+ 9. Kxd1 Bc5 10. Ke1 d4 11. Bb2 Nxe5 12. Nd2 Nc6 13. Rc1 Bb6 14. Ngf3 e5
15. Bb5 Bd7 16. Bxc6 Bxc6 17. Nxe5 Ne7 18. Nxc6 Nxc6 19. Nf3 O-O 20. Rd1 Rfe8+
21. Kd2 Ba5+ 22. Kc1 Rac8 23. Kb1 Re2 24. Rhf1 Bb6 25. Bxd4 Nxd4 26. Nxd4 Bxd4
27. Rxd4 g6 28. Rd7 Rcc2 29. a4 Rb2+ 30. Kc1 Rxb3 31. Rd8+ Kg7 32. Ra8 Ra3 33.
Rxa7 Ra1# 0-1

[Event "Junior Online 4NCL Division 4"]
[Site "online"]
[Date "2020.05.07"]
[Round "4.72"]
[White "Brady, Fearghal"]
[Black "Sagyaman, Vassily M"]
[Result "1-0"]
[WhiteElo "1450"]
[BlackElo "1232"]
[PlyCount "67"]
[EventDate "2020.05.07"]
[WhiteTeam "St Benildus 2"]
[BlackTeam "Warwickshire Bears E"]

1. e4 e5 2. Nf3 Nc6 3. Bc4 Nf6 4. d3 Bc5 5. c3 O-O 6. Bb3 d6 7. h3 Be6 8. Nbd2
Qe7 9. O-O Rfe8 10. Re1 a5 11. a4 Rad8 12. Nf1 d5 13. exd5 Bxd5 14. Bxd5 Nxd5
15. d4 Bb6 16. Nxe5 Nxe5 17. Rxe5 Qd6 18. Rxe8+ Rxe8 19. Be3 Nxe3 20. Nxe3 g6
21. Qd2 Qc6 22. b3 f5 23. Re1 Ba7 24. Nc4 Re4 25. f3 Rxe1+ 26. Qxe1 b5 27. Nxa5
Qb6 28. Qe8+ Kg7 29. Nc6 bxa4 30. bxa4 Qb1+ 31. Kh2 Bb6 32. Qe5+ Kf8 33. Qf6+
Kg8 34. Ne7# 1-0

[Event "Junior Online 4NCL Division 4"]
[Site "online"]
[Date "2020.05.07"]
[Round "4.73"]
[White "Vaidyanathan, Sathya"]
[Black "Lievens, Karel"]
[Result "0-1"]
[WhiteElo "1292"]
[BlackElo "1416"]
[PlyCount "62"]
[EventDate "2020.05.07"]
[WhiteTeam "Warwickshire Bears E"]
[BlackTeam "St Benildus 2"]

1. e4 e5 2. Nf3 Nc6 3. Bc4 Nf6 4. Nc3 Nxe4 5. Nxe4 d5 6. Bxd5 Qxd5 7. d3 Be6 8.
c4 Qd7 9. a3 O-O-O 10. b4 Qxd3 11. Qxd3 Rxd3 12. b5 Nd4 13. Nxd4 Rxd4 14. Ng3
Bxc4 15. Be3 Rd5 16. Rc1 Bxb5 17. Rb1 Bxa3 18. Ra1 Bb4+ 19. Bd2 Bxd2+ 20. Kd1
Bc3+ 21. Kc1 Bxa1 22. Kc2 Ba4+ 23. Kb1 Bd4 24. Nf5 Rb5+ 25. Ka2 Bb3+ 26. Kb1
Be6+ 27. Kc2 Bxf5+ 28. Kd2 Rb2+ 29. Kd1 Bd3 30. Kc1 Bc3 31. Re1 Rb1# 0-1

[Event "Junior Online 4NCL Division 4"]
[Site "online"]
[Date "2020.05.07"]
[Round "4.74"]
[White "Gubala, Max"]
[Black "Gibara, Astrid"]
[Result "0-1"]
[WhiteElo "700"]
[BlackElo "1187"]
[PlyCount "34"]
[EventDate "2020.05.07"]
[WhiteTeam "St Benildus 2"]
[BlackTeam "Warwickshire Bears E"]

1. e4 e5 2. Nf3 Nc6 3. d4 d6 4. d5 Nb4 5. c3 Na6 6. Bb5+ Bd7 7. Bxa6 bxa6 8.
O-O Nf6 9. Re1 Ng4 10. Nbd2 Be7 11. Nf1 Bh4 12. Ne3 Bxf2+ 13. Kh1 Bxe1 14. Nxe1
Nf2+ 15. Kg1 Nxd1 16. Nxd1 Qh4 17. g3 Qxe4 0-1

[Event "Junior Online 4NCL Division 4"]
[Site "online"]
[Date "2020.05.07"]
[Round "4.75"]
[White "Cooney, Thomas"]
[Black "Guha, Anuraag"]
[Result "1-0"]
[WhiteElo "1457"]
[BlackElo "1277"]
[PlyCount "53"]
[EventDate "2020.05.07"]
[WhiteTeam "St Benildus 2"]
[BlackTeam "Warwickshire Bears E"]

1. e4 e5 2. Nf3 Nc6 3. Bc4 Nf6 4. Ng5 d5 5. exd5 Nxd5 6. d3 Be6 7. Qf3 Qf6 8.
Bxd5 Qxf3 9. Bxf3 Nd4 10. Bd1 Be7 11. Nxe6 Nxe6 12. Be3 O-O 13. O-O Rad8 14.
Nc3 Bb4 15. Ne4 a6 16. c3 Be7 17. Bc2 f5 18. Nd2 f4 19. Bxf4 exf4 20. Nf3 Ng5
21. Nxg5 Bxg5 22. Rfe1 Rde8 23. d4 Rxe1+ 24. Rxe1 Rf7 25. Re8+ Rf8 26. Bb3+ Kh8
27. Rxf8# 1-0

[Event "Junior Online 4NCL Division 4"]
[Site "online"]
[Date "2020.05.07"]
[Round "4.76"]
[White "Sagyaman, Vassily M"]
[Black "Brady, Fearghal"]
[Result "0-1"]
[WhiteElo "1232"]
[BlackElo "1450"]
[PlyCount "72"]
[EventDate "2020.05.07"]
[WhiteTeam "Warwickshire Bears E"]
[BlackTeam "St Benildus 2"]

1. e4 d6 2. Nf3 Nf6 3. Bc4 Nxe4 4. Qe2 Nf6 5. O-O g6 6. Ng5 e6 7. Nc3 Bg7 8. d3
O-O 9. Bf4 h6 10. Nf3 d5 11. Bb3 a6 12. Rfe1 c5 13. Rad1 Nc6 14. Ne5 Nxe5 15.
Bxe5 b5 16. a3 Bb7 17. d4 c4 18. Ba2 Qd7 19. Bxf6 Bxf6 20. Qd2 Bg7 21. b3 a5
22. b4 axb4 23. axb4 Ra6 24. Re3 Rfa8 25. Bb1 Qc6 26. Rde1 Qb6 27. Rd1 h5 28.
Rf3 e5 29. dxe5 d4 30. Qxd4 Qxd4 31. Rxd4 Bxf3 32. gxf3 Bxe5 33. Re4 Bxc3 34.
Re7 Ra1 35. Re1 Bxe1 36. Kg2 Rxb1 0-1

[Event "Junior Online 4NCL Division 4"]
[Site "online"]
[Date "2020.05.07"]
[Round "4.77"]
[White "Lievens, Karel"]
[Black "Vaidyanathan, Sathya"]
[Result "1-0"]
[WhiteElo "1416"]
[BlackElo "1292"]
[PlyCount "169"]
[EventDate "2020.05.07"]
[WhiteTeam "St Benildus 2"]
[BlackTeam "Warwickshire Bears E"]

1. e4 e5 2. Nf3 Nc6 3. Nc3 Nf6 4. d4 exd4 5. Nxd4 Nxd4 6. Qxd4 b6 7. Be3 Bc5 8.
Qd2 Bxe3 9. Qxe3 d6 10. O-O-O Bd7 11. Nd5 c6 12. Nf4 Ng4 13. Qd4 Qf6 14. Qxf6
Nxf6 15. f3 d5 16. exd5 cxd5 17. Nxd5 Nxd5 18. Rxd5 Be6 19. Bb5+ Kf8 20. Rd4
Bxa2 21. b3 a6 22. Ra4 Bxb3 23. cxb3 a5 24. Re1 Rc8+ 25. Kb2 g6 26. Rc4 Rd8 27.
Kc2 Rd5 28. Re8+ Kg7 29. Rxh8 Kxh8 30. Ba4 b5 31. Rc7 f5 32. Bxb5 Rxb5 33. Ra7
Re5 34. Kd2 Rd5+ 35. Ke3 Rb5 36. Kf4 Rxb3 37. Rxa5 Rb2 38. Kg3 Kg7 39. Ra7+ Kh6
40. h4 Rb4 41. Rf7 Rb2 42. f4 Rb3+ 43. Kh2 Rb4 44. g3 Rb2+ 45. Kh3 Rb3 46. h5
gxh5 47. Rxf5 Rb1 48. Kg2 Rb2+ 49. Kf3 Rb3+ 50. Kg2 Rb2+ 51. Kh3 Rb1 52. Re5
Rh1+ 53. Kg2 Rc1 54. Kf2 Rc2+ 55. Re2 Rxe2+ 56. Kxe2 Kg6 57. Ke3 Kf5 58. Kf3 h6
59. Kg2 Kg4 60. Kf2 Kf5 61. Kf3 Kf6 62. Ke4 Ke6 63. f5+ Kf7 64. Ke5 Ke7 65. f6+
Kf8 66. Ke6 Ke8 67. f7+ Kf8 68. Kf6 h4 69. gxh4 h5 70. Kg6 Ke7 71. Kg7 Ke6 72.
f8=Q Ke5 73. Qf6+ Ke4 74. Kg6 Ke3 75. Kxh5 Ke4 76. Kg4 Ke3 77. h5 Kd3 78. h6
Kc2 79. Qd4 Kc1 80. Qf2 Kd1 81. Kf3 Kc1 82. Ke3 Kb1 83. Kd3 Kc1 84. Kc3 Kb1 85.
Qb2# 1-0

[Event "Junior Online 4NCL Division 4"]
[Site "online"]
[Date "2020.05.07"]
[Round "4.78"]
[White "Gibara, Astrid"]
[Black "Gubala, Max"]
[Result "0-1"]
[WhiteElo "1187"]
[BlackElo "700"]
[PlyCount "76"]
[EventDate "2020.05.07"]
[WhiteTeam "Warwickshire Bears E"]
[BlackTeam "St Benildus 2"]

1. e4 e5 2. Nf3 Nc6 3. Nc3 Nf6 4. d4 exd4 5. Nxd4 Nxd4 6. Qxd4 c5 7. Qe5+ Be7
8. Na4 d6 9. Qg5 O-O 10. e5 Re8 11. Qg3 dxe5 12. Qxe5 Bd6 13. Qxe8+ Qxe8+ 14.
Be3 Nd5 15. Rd1 Nxe3 16. fxe3 Qxe3+ 17. Be2 Bg4 18. Nc3 Be5 19. Rd3 Bxc3+ 20.
Kd1 Qxe2+ 21. Kc1 Bxb2+ 22. Kxb2 Qe5+ 23. Kc1 Qa1+ 24. Kd2 Qxh1 25. Kc3 Qxh2
26. Kc4 Be2 27. Kxc5 Bxd3 28. cxd3 Qxg2 29. d4 h5 30. d5 h4 31. Kd6 h3 32. Kc7
h2 33. d6 h1=Q 34. Kd7 Qc6+ 35. Ke7 Qh3 36. a4 Qxa4 37. d7 Qe3+ 38. Kd6 Qc6#
0-1

[Event "Junior Online 4NCL Division 4"]
[Site "online"]
[Date "2020.05.07"]
[Round "4.81"]
[White "Chan, Daniel"]
[Black "Sastry, Shriya"]
[Result "1/2-1/2"]
[WhiteElo "1412"]
[BlackElo "1322"]
[PlyCount "59"]
[EventDate "2020.05.07"]
[WhiteTeam "Watford 2"]
[BlackTeam "Warwickshire Bears D"]

1. e4 e5 2. Nf3 Nc6 3. Nc3 Nf6 4. Bc4 h6 5. d4 exd4 6. Nxd4 Nxd4 7. Qxd4 d6 8.
b4 a6 9. Nd5 Be6 10. Nxf6+ Qxf6 11. Qxf6 gxf6 12. Bxe6 fxe6 13. Bb2 Be7 14.
O-O-O O-O-O 15. h4 h5 16. Rhg1 Rhg8 17. g3 d5 18. exd5 Rxd5 19. Rxd5 exd5 20.
Kd2 Rg6 21. a3 Kd7 22. Ke3 f5 23. Kf4 Bxh4 24. Kxf5 Rg8 25. Rh1 Rg5+ 26. Kf4
Rg4+ 27. Kf5 Rg5+ 28. Kf4 Rg4+ 29. Kf5 Rg5+ 30. Kf4 1/2-1/2